Mezi kouzly, vírou a pověrou : magie v textech moravského venkova 18. a 19. století : katalog k výstavě /

Další autoři: Drozda, Martin, 1991-
Jazyk: Čeština
Vydáno: Brno : Moravská zemská knihovna, 2024
Vydání: 1. vydání
Témata:
Externí odkaz: Digitalizovaný dokument
Fyzický popis: 199 stran : ilustrace (některé barevné), faksimile ; 21 cm
Language note: Anglické resumé
Knihy
Uloženo v:
LEADER 02888nam a2200709 i 4500
001 nkc20243625893
003 CZ PrNK
005 20260424083218.0
007 ta
008 240807s2024 xr ah f c 000 0 cze
015 |a cnb003625893 
020 |a 978-80-7051-347-7  |q (brožováno) 
035 |a (OCoLC)1477947221 
040 |a ABA001  |b cze  |d BOA001  |e rda 
041 0 |a cze  |b eng 
043 |a e-xr--- 
045 |a v-w- 
072 7 |a 398  |x Folklor. Lidové tradice  |2 Konspekt  |9 1 
080 |a 133.4  |2 MRF 
080 |a 398.3  |2 MRF 
080 |a 08+092/099  |2 MRF 
080 |a 091  |2 MRF 
080 |a 911.373  |2 MRF 
080 |a (437.3)  |2 MRF 
080 |a (083.824)  |2 MRF 
080 |a (048.8)  |2 MRF 
245 0 0 |a Mezi kouzly, vírou a pověrou :  |b magie v textech moravského venkova 18. a 19. století : katalog k výstavě /  |c Martin Drozda (ed.) 
246 3 0 |a Magie v textech moravského venkova 18. a 19. století 
250 |a 1. vydání 
264 1 |a Brno :  |b Moravská zemská knihovna,  |c 2024 
300 |a 199 stran :  |b ilustrace (některé barevné), faksimile ;  |c 21 cm 
336 |a text  |b txt  |2 rdacontent 
336 |a statický obraz  |b sti  |2 rdacontent 
337 |a bez média  |b n  |2 rdamedia 
338 |a svazek  |b nc  |2 rdacarrier 
504 |a Obsahuje bibliografii a bibliografické odkazy 
546 |a Anglické resumé 
648 7 |a 18.-19. století  |7 ch757018  |2 czenas 
650 0 7 |a magie  |7 ph115203  |z Česko  |y 18.-19. století  |2 czenas 
650 0 7 |a pověry  |7 ph124457  |z Česko  |y 18.-19. století  |2 czenas 
650 0 7 |a lidová víra  |7 ph137687  |z Česko  |y 18.-19. století  |2 czenas 
650 0 7 |a tisky  |7 ph126659  |z Česko  |y 18.-19. století  |2 czenas 
650 0 7 |a rukopisy  |7 ph116084  |z Česko  |y 18.-19. století  |2 czenas 
650 0 7 |a venkov  |7 ph127032  |z Česko  |y 18.-19. století  |2 czenas 
650 0 9 |a magic  |z Czechia  |y 18th-19th centuries  |2 eczenas 
650 0 9 |a superstitions  |z Czechia  |y 18th-19th centuries  |2 eczenas 
650 0 9 |a popular belief  |z Czechia  |y 18th-19th centuries  |2 eczenas 
650 0 9 |a prints  |z Czechia  |y 18th-19th centuries  |2 eczenas 
650 0 9 |a manuscripts  |z Czechia  |y 18th-19th centuries  |2 eczenas 
650 0 9 |a countryside  |z Czechia  |y 18th-19th centuries  |2 eczenas 
655 7 |a katalogy výstav  |7 fd132536  |2 czenas 
655 7 |a studie  |7 fd133597  |2 czenas 
655 9 |a exhibition catalogs  |2 eczenas 
655 9 |a studies  |2 eczenas 
700 1 |a Drozda, Martin,  |d 1991-  |7 mzk20201067488  |4 edt 
856 4 1 |u https://www.digitalniknihovna.cz/mzk/uuid/uuid:45e9bba0-9480-417a-a477-a408d6a80206  |y Digitalizovaný dokument 
910 |a BOA001  |b 2-1531.943 
990 |a BK 
995 |a 01 
991 |b 202410  |c NOV 
996 6 |b 2610981835  |c 2-1531.943  |l MZK  |r Sklad / do 1 hodiny  |n 3  |p p.v.  |w 001979261  |u 000010  |a 1  |e BOA001  |j MZK50  |s P 
996 6 |b 2610981836  |c 2-1531.943  |l Stud. starých tisků/4.patro  |r PST  |n 0  |p p.v.  |h VG3  |w 001979261  |u 000020  |a 1  |e BOA001  |j MZK50  |s P